• 首页
  • 本馆介绍
  • 公告通知
  • 最新文献
  • 馆藏检索
  • 电子资源
  • 读者荐购
  • 参考咨询
  • CALIS
  • 我的图书馆
  • 登录
  • 详细信息显示
  • 放入我的书架
  • 预约/预借图书
  • 作者相关作品
  • 分类相关作品
  • 丛书相关作品
  • 出版社相关作品

书目信息

  • 表格格式
  • 工作单格式
  • 卡片格式
题名:
研究生入学考试:英语词组速记训练
    
 
作者: 唐述宗 编著
分册:  
出版信息: 合肥   安徽科学技术出版社  1994.03
页数: 425页
开本: 32开
丛书名:
单 册:
中图分类: H313
科图分类:
主题词: 英语
电子资源:
ISBN: 7-5337-1052-5
 
 
 
 
 
000 00597nam0 2200193 45
001 0009061188
005 20000906115046.4
010    @a7-5337-1052-5@d9.80元
100    @a20000906d1994 km y0chiy0120 ea
101 0  @achi
105    @a z 000yy
200 1  @a研究生入学考试:英语词组速记训练@AYan Jiu Sheng Ru Xue Kao Shi:Ying Yu Ci Zu Su Ji Xun Lian@f唐述宗编著@FTang Shu Zong Bian Zhu
210    @a合肥@c安徽科学技术出版社@d1994.03
215    @a425页@d32开
606 0  @a英语
690    @aH313@v3
701  0 @a唐述宗@4编著
801    @aCN@bPftUser@c20000906
905    @b122510-519@dH313@eT951/1@f10
    
    研究生入学考试:英语词组速记训练/唐述宗编著.-合肥:安徽科学技术出版社,1994.03
    425页;32开
    
    
    ISBN 7-5337-1052-5:9.80元
    
●
相关链接 在E读中查询图书 在当当中查询图书 在豆瓣中查询图书


正题名:研究生入学考试:英语词组速记训练     索取号:H313/T951/1         预约/预借

序号 登录号 条形码 馆藏地/架位号 状态 备注
1 122510   201225101   语言库209/209语言库 103排8列5层/ [索取号:H313/T951/1] 在馆    
2 122511   201225110   语言库209/209语言库 103排8列5层/ [索取号:H313/T951/1] 在馆    
3 122512   201225129   语言库209/209语言库 103排8列5层/ [索取号:H313/T951/1] 在馆    
4 122513   201225138   语言库209/209语言库 103排8列5层/ [索取号:H313/T951/1] 在馆    
5 122514   201225147   语言库209/209语言库 103排8列5层/ [索取号:H313/T951/1] 在馆    
6 122515   201225156   语言库209/209语言库 103排8列5层/ [索取号:H313/T951/1] 在馆    
7 122516   201225165   语言库209/209语言库 103排8列5层/ [索取号:H313/T951/1] 在馆    
8 122517   201225174   语言库209/209语言库 103排8列5层/ [索取号:H313/T951/1] 在馆    
9 122518   201225183   语言库209/209语言库 103排8列5层/ [索取号:H313/T951/1] 在馆    
10 122519   201225192   语言库209/209语言库 103排8列5层/ [索取号:H313/T951/1] 在馆    
河南城建学院图书馆 欢迎您!
大连网信软件有限公司© 版权所有